Manual de urgencias en ortopedia y traumatología / (Registro nro. 23156)

Detalles MARC
000 -LEADER
fixed length control field 01925nam a2200337 4500
001 - CONTROL NUMBER
control field 0000019413
003 - CONTROL NUMBER IDENTIFIER
control field CO-CtgCURN
005 - DATE AND TIME OF LATEST TRANSACTION
control field 20250331185222.0
007 - PHYSICAL DESCRIPTION FIXED FIELD--GENERAL INFORMATION
fixed length control field ta
008 - FIXED-LENGTH DATA ELEMENTS--GENERAL INFORMATION
fixed length control field 160627s1996 000 0 eng d
020 ## - INTERNATIONAL STANDARD BOOK NUMBER
International Standard Book Number 8482270141
040 ## - CATALOGING SOURCE
Original cataloging agency CO-CtgCURN
Language of cataloging spa
Transcribing agency coctgcurn
082 0# - DEWEY DECIMAL CLASSIFICATION NUMBER
Classification number 617.3
Item number I83m
100 1# - MAIN ENTRY--PERSONAL NAME
Personal name Iversen, Larry D.
245 10 - TITLE STATEMENT
Title Manual de urgencias en ortopedia y traumatología /
Statement of responsibility, etc. Larry D. Iversen, Marc F. Swiontkowski , traductor, Enrique Marzal Herce.
250 ## - EDITION STATEMENT
Edition statement 4a. Ed.
260 ## - PUBLICATION, DISTRIBUTION, ETC.
Place of publication, distribution, etc. Barcelona :
Name of publisher, distributor, etc. Masson-Little,
Date of publication, distribution, etc. 1996.
300 ## - PHYSICAL DESCRIPTION
Extent ix, 386 p.
336 ## - CONTENT TYPE
Source rdacontent
337 ## - MEDIA TYPE
Source rdamedia
Media type term sin mediacion
Media type code n
338 ## - CARRIER TYPE
Source rdacarrier
Carrier type term volumen
Carrier type code nc
490 1# - SERIES STATEMENT
Series statement Serie manuales espiral
500 ## - GENERAL NOTE
General note Incluye indices y apendice.
504 ## - BIBLIOGRAPHY, ETC. NOTE
Bibliography, etc. note Incluye bibliografia al final de los capitulos.
505 8# - FORMATTED CONTENTS NOTE
Formatted contents note Diagnostico y tratamiento de los traumatismos musculoesqueleticos -- Complicaciones de los traumatismos musculoesqueleticos -- Prevencion y tratamiento de las infecciones musculoesqueleticas agudas -- Patologías articulares atraumaticas -- Ortesis mas frecuentes en urgencias -- Tecnicas de los vendajes y yesos -- Unidad de cuidados traumatologicos -- Tracción -- Equipamiento quirurgico y tecnicas -- Patología vertebral aguda -- Fracturas de clavicula -- Patología de las articulaciones acromioclavicular y esternoclavicular -- Lesiones de hombro -- Fracturas de humero -- Patología del codo y el antebrazo -- Patología de la muñeca y la mano -- Fracturas de pelvis, sacro y coccix -- Luxaciones de cadera y fracturas del acetabulo -- Fracturas de femur -- Lesiones de la rodilla -- Patología del tobillo -- Fracturas y luxaciones del pie
534 ## - ORIGINAL VERSION NOTE
Main entry of original Manual of acute orthopaedic therapeutics.
650 14 - SUBJECT ADDED ENTRY--TOPICAL TERM
Topical term or geographic name entry element Ortopedia.
908 ## - PUT COMMAND PARAMETER (RLIN)
Put command parameter 160627
942 ## - ADDED ENTRY ELEMENTS (KOHA)
Koha item type Libros
Classification part 617.3
Item part I83m
Source of classification or shelving scheme Dewey Decimal Classification
Existencias
Withdrawn status Lost status Source of classification or shelving scheme Damaged status Not for loan Collection Home library Current library Shelving location Date acquired Inventory number Total checkouts Full call number Barcode Date last seen Price effective from Koha item type Public note
    Dewey Decimal Classification     General Miguel Henríquez Emiliani Miguel Henríquez Emiliani General 03/31/2025 009574   617.3 I83m 009574 03/31/2025 03/31/2025 Libros 610-CIENME